000 01783nam a2200469 i 4500
001 1636
003 KOSZ 005
005 20220818143818.0
008 220818s1980 pl a f 001 0 pol
015 _aPB 1980/3251
020 _a8320401372
040 _aWA N
_cWA N
_dKOSZ 005/RW
046 _k1971
080 _a53
080 _a(07)
100 1 _aMassalski, Jerzy Michał
_d(1919-2008)
_eAutor
245 1 0 _aFizyka dla inżynierów.
_nCz. 1,
_pFizyka klasyczna /
_cJerzy Massalski, Michalina Massalska ; [recenzenci dr Zdzisław Buja, doc. dr Andrzej Oleś].
250 _aWydanie 4 uzupełnione.
250 _a[Wyd. 7].
260 _aWarszawa :
_bWydawnictwa Naukowo-Techniczne,
_c1980.
300 _a623, [1] strony, [2] karty tablic :
_bilustracje, wykresy ;
_c25 cm.
336 _aTekst
_btxt
_2rdacontent
337 _aBez urządzenia pośredniczącego
_bn
_2rdamedia
338 _aWolumin
_bnc
_2rdacarrier
380 _aKsiążki
380 _aPublikacje dydaktyczne
385 _mPoziom nauczania
_aSzkoły wyższe
388 1 _a1901-2000
388 1 _a1945-1989
504 _aBibliografia na stronie 616. Indeks.
521 8 _aKsiążka jest przeznaczona dla inżynierów różnych specjalności oraz studentów szkół technicznych.
650 7 _aFizyka
655 7 _aPodręcznik
658 _aFizyka i astronomia
700 1 _aMassalska, Michalina
_d(1915-2000)
_eAutor
700 1 _aBuja, Zdzisław
_eRecenzja
700 1 _aOleś, Andrzej
_d(1951- )
_eRecenzja
710 2 _aWydawnictwa Naukowo-Techniczne
_4pbl
856 _uhttp://koha.tu.koszalin.pl/cgi-bin/koha/opac-detail.pl?biblionumber=1636
_yKatalog online BPK
856 _uhttp://libra.ibuk.pl/book/64397
_yIBUK
942 _2UKD
_cKS
999 _c1636
_d1636